000 00547nam a22001697a 4500
003 NUST
005 20260202150224.0
008 260202b ||||| |||| 00| 0 eng d
020 _a978-81-203-2440-4
082 _a604.26218
100 _aArshad N. Siddiquee, Mukhtar Ahmad, Zahid A. Khan
_9133017
245 _aEngineering Drawing with A Primer on Autocad /
_cArshad N. Siddiquee, Mukhtar Ahmad, Zahid A. Khan.
260 _aIndia:
_bPHI Learning Private Limited,
_c2004.
300 _a312 p
_c23.3 cm
563 _aPaperback
942 _2ddc
_cBK
999 _c616010
_d616010